Mao : (Registro nro. 11337)

Detalles MARC
000 -LIDER
fixed length control field 01341nam a2200421 b 4500
001 - NÚMERO DE CONTROL
Identificador de número de control 00211
003 - IDENTIFICACDOR DE NÚMERO DE CONTROL
control field DO-SdBNP
005 - DATE AND TIME OF LATEST TRANSACTION
control field 20180117114947.0
007 - CAMPOS FIJOS DE DESCRIPCIÓN FÍSICA
fixed length control field 00211
008 - ELEMENTOS DE LONGITUD FIJA
fixed length control field 060619s2006 mx | ||| ||spa
016 7# - NO. DE CONTROL DE LA AGENCIA BIB. NACIONAL
Record control number
Source BPMSU
017 ## - NÚMERO DE REGISTRO DE DERECHOS DE AUTOR
Copyright or legal deposit number
Assigning agency
020 ## - ISBN
International Standard Book Number 9789707704241
035 ## - NÚMERO LOCAL
System control number
040 ## - FUENTE DE CATALOGACIÓN
Agencia que crea de manera original el registro BPMSU
Idioma de catalogación spa
Agencia que realiza la transcripción BPMSU
Convenciones de la despripción
041 1# - CÓDIGOS DE OBRAS TRADUCIDAS O EN VARIOS IDIOMAS
Código del idioma del texto/archivo de sonido o separata spa
Cód. del idioma original y/o traducciones intermedias del texto
080 #0 - NÚMERO DE CLASIFICACIÓN DECIMAL UNIVERSAL
Universal Decimal Classification number
080 #0 - NÚMERO DE CLASIFICACIÓN DECIMAL UNIVERSAL
Universal Decimal Classification number
082 ## - NÚMERO DE CLASIFICACIÓN DECIMAL DE DEWEY
Classification number 923.151
Item number T882C
100 1# - ASIENTO PRINCIPAL -- NOMBRE PERSONAL
Nombre personal Jung, Chang,
Fechas asociadas con el nombre 1952-
240 10 - TITULO UNIFORME
Título uniforme Mao
Idioma de una obra Español
245 10 - MENCIÓN DE TITULO
Título Mao :
Medio (Designación general de material)
Subtítulo la historia desconocida /
Mención de responsabilidad Jung Chang, Jon Halliday ; traducción de Amado Diéguez y Victoria E. Gordo del Rey
260 0# - PUBLICACIÓN, DISTRIBUCIÓN, ETC. (PIE DE IMPRENTA)
Lugar de publicación, distribución, etc México, D.F. :
Nombre del editor, distribuidor, etc. Taurus,
Fecha de publicación, distribución, etc 2006
Fecha de impresión (reimpresión, 2010)
300 ## - DESCRIPCIÓN FÍSICA
Extensión 1029 p. :
Otros detalles físicos il.;
Dimensiones 25 cm
490 1# - MENCIÓN DE SERIES
Mención de serie Memorias y biografías
500 ## - NOTA GENERAL
Nota general Incluye índice
500 ## - NOTA GENERAL
Nota general Incluye datos biográficos del autor en la solapa de la cubierta
504 ## - NOTA DE BIBLIOGRAFÍA, ETC.
Bibliography, etc Bibliografía: p. 909-974. Índice
600 14 - ENCABEZAMIENTO DE MATERIA--NOMBRE PERSONAL
Nombre personal MAO, TSE-TUNG
Fechas asociadas con el nombre 1893-1976
Fuente del encabezado o término
650 #4 - ENCABEZAMIENTO DE MATERIA--TEMÁTICO
Término temático o nombre geográfico como elemento de entrada JEFES DE ESTADO
Subdivisión geográfica CHINA
Subdivisión temática general BIOGRAFÍAS
651 #4 - ENCABEZAMIENTO DE MATERIA--NOMBRE GEOGRÁFICO
Nombre geográfico CHINA
Subdivisión temática general POLÍTICA Y GOBIERNO
Subdivisión cronológica 1949-1976
700 12 - ASIENTO SECUNDARIO -- NOMBRE PERSONAL
Nombre personal Halliday, Jon
830 #0 - ASIENTO SECUNDARIO DE SERIE--TÍTULO UNIFORME
Título uniforme Memorias y biografías (Taurus Ediciones)
910 ## - VALIDACIÓN
Validación Validado. Control de calidad MFF
942 ## - ADDED ENTRY ELEMENTS (KOHA)
Source of classification or shelving scheme Dewey Decimal Classification
Koha item type Libros
945 ## - INFORMACIÓN DE PROCESAMIENTO LOCAL
Información de procesamiento local Inventariado, 2018/MFF
956 ## - LOCAL ELECTRONIC LOCATION AND ACCESS (OCLC)
Nombre de host VMATEO
Número de acceso 10
Información de compresión 20160906
Trayectoria BPMSU
Nombre Electrónico 0069
Existencias
Withdrawn status Lost status Source of classification or shelving scheme Damaged status Not for loan Collection code Home library Current library Date acquired Source of acquisition Total Checkouts Full call number Barcode Date last seen Price effective from Koha item type Copy number
    Dewey Decimal Classification     Colección General Biblioteca Pública Metropolitana Salomé Ureña Biblioteca Pública Metropolitana Salomé Ureña 09/06/2016 ALFAGUARA   923.151 T882C BPMESU16090202 09/06/2016 09/06/2016 Libros  
    Dewey Decimal Classification     Colección General Biblioteca Pública Metropolitana Salomé Ureña Biblioteca Pública Metropolitana Salomé Ureña 09/06/2016 ALFAGUARA   923.151 T882C BPMSU16090203 09/06/2016 09/06/2016 Libros e. 2
    Dewey Decimal Classification     Colección General Biblioteca Pública Metropolitana Salomé Ureña Biblioteca Pública Metropolitana Salomé Ureña 09/06/2016 ALFAGUARA   923.151 T882C BPMSU16090204 09/06/2016 09/06/2016 Libros e. 3